000 00835nam a2200205Ia 4500
005 20240530110940.0
008 140319s2021 ua dhf f 000 0 ara d
017 _a2020/9030
_bمصر. دار الكتب
020 _a9789776784406
040 _aGCL /
_cGCL
082 0 4 _221
_a371.956337\
_bم أ
100 0 _aمحمد عاطف الجمال
245 1 2 _aالالعاب التعليمية ودورها فى تدريب الاطفال ذوى اضطرابات التوحد /
_cمحمد عاطف الجمال
260 _aالاسكندرية :
_bدار الوفاء لدنيا الطباعة و النشر،
_c2021.
300 _a276 ص. :
_bايض ؛
_c24 سم.
650 0 7 _aالتوحد
650 0 7 _aالاطفال
_xالاضطرابات النفسية
942 _2ddc
_cBK
999 _c66805
_d66805